00876cam a22002417a 4500003000500000005001700005008004100022010001000063011001000073035001000083040000900093100003900102245015000141260004100291300003800332502016700370650001200537650001400549650001300563650002500576650001500601650001800616CHAP20220329142359.0001018d2000 mx o r 00110 spa d a82646 a83618 a94133 cCHAP00aAlbores González, María Luisa.10aLombricompostas usadas como sustrato y abono orgánico en tres variedades de alcatraz (Zandeteschia spp)c/por María Luisa Albores González. aChapingo, Méx. :bEl autor,c2000. a108 h. :bfots., cuads., gráfs. aTesis (Ing. Agr. Esp. en Zonas Tropicales) -- UACH. Dirección de Centros Regionales Universitarios. Orientación Terminal en Cafeticultura y Diversificación.14aAbonos.14aAlcatraz.14aCompost.14aLombrices de tierra.14aSustratos.14aZantedeschia.